|
|
|
|
| LEADER |
01467cam a2200337Ia 4500 |
| 001 |
9780203970300 |
| 003 |
FlBoTFG |
| 005 |
20091230162919.0 |
| 006 |
a|||||s||||||||||| |
| 007 |
cr|||| |
| 008 |
050121s2005 enka sb 001 0 eng d |
| 020 |
|
|
|a 9780203970300 (e-book : PDF)
|
| 040 |
|
|
|a FlBoTFG
|c FlBoTFG
|d GrThAP
|
| 090 |
|
|
|a GN69.8
|b .H86 2005
|
| 092 |
|
|
|a 614.17
|b H945
|
| 100 |
1 |
|
|a Hunter, John,
|d 1949-
|
| 245 |
1 |
0 |
|a Forensic archaeology
|h [electronic resource] :
|b advances in theory and practice /
|c John Hunter and Margaret Cox.
|
| 260 |
|
|
|a London ;
|a New York :
|b Routledge,
|c 2005.
|
| 300 |
|
|
|a xiii, 233 p. :
|b ill.
|
| 504 |
|
|
|a Includes bibliographical references and index.
|
| 505 |
0 |
|
|a Introduction -- Search and location : case studies 1-13 -- Forensic geophysical survey -- The recovery of forensic evidence from individual graves : case studies 14-29 -- The archaeology of mass graves -- Anthropology in a forensic context -- Legal matters -- Social and intellectual frameworks.
|
| 530 |
|
|
|a Also available in print edition.
|b CRC Press (http://www.crcpress.com)
|
| 538 |
|
|
|a Mode of access: World Wide Web.
|
| 650 |
|
0 |
|a Forensic anthropology.
|
| 650 |
|
0 |
|a Archaeology.
|
| 650 |
|
0 |
|a Human remains (Archaeology)
|
| 650 |
|
0 |
|a Criminal investigation.
|
| 655 |
|
7 |
|a Electronic books.
|2 lcsh
|
| 700 |
1 |
|
|a Cox, Margaret,
|d 1950-
|
| 776 |
1 |
|
|z 9780415273114
|
| 856 |
4 |
0 |
|u http://www.tandfebooks.com/isbn/9780203970300
|z Full Text via HEAL-Link
|